<?xml version="1.0" encoding="UTF-8"?>
<record
    xmlns:xsi="http://www.w3.org/2001/XMLSchema-instance"
    xsi:schemaLocation="http://www.loc.gov/MARC21/slim http://www.loc.gov/standards/marcxml/schema/MARC21slim.xsd"
    xmlns="http://www.loc.gov/MARC21/slim">

  <leader>00766cam9a220020500 4500</leader>
  <controlfield tag="001">qce01895434</controlfield>
  <controlfield tag="005">20190813175527.0</controlfield>
  <controlfield tag="008">801028s1909    nyuaf         000 0 eng d</controlfield>
  <datafield tag="035" ind1=" " ind2=" ">
    <subfield code="a">(Sirsi) r67843</subfield>
  </datafield>
  <datafield tag="035" ind1=" " ind2=" ">
    <subfield code="a">(QCAT)lss02908846</subfield>
  </datafield>
  <datafield tag="035" ind1=" " ind2=" ">
    <subfield code="a">(UPRA)qce01895434</subfield>
  </datafield>
  <datafield tag="040" ind1=" " ind2=" ">
    <subfield code="d">UPRA</subfield>
  </datafield>
  <datafield tag="100" ind1="1" ind2=" ">
    <subfield code="a">Holt, L. Emmett (Luther Emmett), 1855-1924.</subfield>
    <subfield code="q">Holt, L. Emmett (Luther Emmett), 1855-1924.</subfield>
    <subfield code="d">Holt, L. Emmett (Luther Emmett), 1855-1924.</subfield>
    <subfield code="6">A28713.1</subfield>
  </datafield>
  <datafield tag="245" ind1="1" ind2="4">
    <subfield code="a">The diseases of infancy and childhood :</subfield>
    <subfield code="b">for the use of students and practitioners of medicine /</subfield>
    <subfield code="c">by L. Emmett Holt.</subfield>
  </datafield>
  <datafield tag="250" ind1=" " ind2=" ">
    <subfield code="a">5th ed., rev. and enl.</subfield>
  </datafield>
  <datafield tag="260" ind1=" " ind2=" ">
    <subfield code="a">New York :</subfield>
    <subfield code="b">Appleton,</subfield>
    <subfield code="c">1909.</subfield>
  </datafield>
  <datafield tag="500" ind1=" " ind2=" ">
    <subfield code="a">Includes index.</subfield>
  </datafield>
  <datafield tag="949" ind1=" " ind2=" ">
    <subfield code="a">RJ45</subfield>
    <subfield code="w">LC</subfield>
    <subfield code="i">-90937</subfield>
    <subfield code="m">MEDICAL</subfield>
    <subfield code="t">BOOK</subfield>
    <subfield code="l">ON-SHELF</subfield>
  </datafield>
  <controlfield tag="004">67843</controlfield>
  <datafield tag="999" ind1=" " ind2=" ">
    <subfield code="c">44199</subfield>
    <subfield code="d">44199</subfield>
  </datafield>
  <datafield tag="952" ind1=" " ind2=" ">
    <subfield code="0">0</subfield>
    <subfield code="1">0</subfield>
    <subfield code="2">lcc</subfield>
    <subfield code="4">0</subfield>
    <subfield code="7">0</subfield>
    <subfield code="a">MEDICAL</subfield>
    <subfield code="b">MEDICAL</subfield>
    <subfield code="c">ON-SHELF</subfield>
    <subfield code="l">0</subfield>
    <subfield code="o">RJ45</subfield>
    <subfield code="p">-90937</subfield>
    <subfield code="r">2019-08-13 00:00:00</subfield>
    <subfield code="t">1</subfield>
    <subfield code="w">2019-08-13</subfield>
    <subfield code="y">BOOK</subfield>
  </datafield>
</record>
